书目信息 |
| 题名: |
我的香格里拉
|
|
| 作者: | 罗斯伯里, 图/文 ;戈叔亚 翻译 | |
| 分册: | ||
| 出版信息: | 西安 陕西师范大学出版社 2004.05 |
|
| 页数: | 167页 | |
| 开本: | 22cm | |
| 丛书名: | 读行天下 | |
| 单 册: | ||
| 中图分类: | I712.65 | |
| 科图分类: | ||
| 主题词: | 游记--美国--现代--选集 | |
| 电子资源: | ||
| ISBN: | 7-5613-2943-1 | |
| 000 | 01407nam 2200325 450 | |
| 001 | 0157827737 | |
| 005 | 20050901223630.05 | |
| 010 | @a7-5613-2943-1@dCNY32.00 | |
| 100 | @a20041204d2004 km y0chiy0120 ea | |
| 101 | 2 | @achi@aeng@ceng |
| 102 | @aCN@b610000 | |
| 105 | @aac z 000yy | |
| 200 | 1 | @a我的香格里拉@Awo de xiang ge li la@d= Encounters with Paradise@e中英文本@f(美) 小梅 (Kim Roseberry) 图/文@F(mei)xiao mei(Kim Roseberry)tu/wen@g翻译戈叔亚@Gfan yi ge shu ya@zeng |
| 210 | @a西安@c陕西师范大学出版社@d2004.05 | |
| 215 | @a167页@c图, 肖像@d22cm | |
| 225 | 2 | @a读行天下@i香格里拉丛书 |
| 312 | @a其他题名取自封面。 | |
| 314 | @a责任者Roseberry规范汉译姓:罗斯伯里,中国名为:小梅。 | |
| 330 | @a本书是一本以黑白图片相遇香格里拉的书,相遇的不是那里眩目的色彩和所谓的传奇,而是精神与理解,本书以独特的理性眼光和人文视角,探求作为圣地和圣词的"香格里拉"的诞生、命名和意义。 | |
| 410 | 0 | @12001 @a香格里拉丛书 |
| 410 | 0 | @12001 @a读行天下 |
| 510 | 1 | @aEncounters with Paradise@zeng |
| 517 | 1 | @a一位美国女摄影师与香格里拉的心灵对话@Ayi wei mei guo nu she ying shi yu xiang ge li la de xin ling dui hua |
| 606 | 0 | @a游记@y美国@z现代@x选集 |
| 607 | @a迪庆藏族自治州 (云南省)@x游记 | |
| 690 | @aI712.65@v4 | |
| 701 | 1 | @a罗斯伯里,@Aluo si bo li,@bK.@g(Roseberry, Kim),@f1978-@4图/文 |
| 702 | 0 | @a戈叔亚@Age shu ya@4翻译 |
| 801 | 0 | @aCN@bQSSK@c20050901 |
| 905 | @a10447@dI712.65@eL950 | |
| 我的香格里拉= Encounters with Paradise:中英文本/(美) 小梅 (Kim Roseberry) 图/文/翻译戈叔亚.-西安:陕西师范大学出版社,2004.05 |
| 167页:图, 肖像;22cm.-(读行天下.香格里拉丛书) |
| ISBN 7-5613-2943-1:CNY32.00 |
| 本书是一本以黑白图片相遇香格里拉的书,相遇的不是那里眩目的色彩和所谓的传奇,而是精神与理解,本书以独特的理性眼光和人文视角,探求作为圣地和圣词的"香格里拉"的诞生、命名和意义。 |
| ● |
| 相关链接 |
|
|
|
正题名:我的香格里拉
索取号:I712.65/L950
 
预约/预借
| 序号 | 登录号 | 条形码 | 馆藏地/架位号 | 状态 | 备注 |
| 1 | 567382 | 205673822 | 文学库116/116文学库 30排4列2层/ [索取号:I712.65/L950] | 在馆 | |
| 2 | 567383 | 205673831 | 文学库116/116文学库 30排4列2层/ [索取号:I712.65/L950] | 在馆 | |
| 3 | 567384 | 205673840 | 社科二线422/116文学库 30排4列2层/ [索取号:I712.65/L950] | 在馆 |